Transistors for AF and switching applications /

Guardado en:
Autor Corporativo: Telefunken electronic.
Formato: Libro
Idioma:English
Publicado: [s.l.] : Telefunken electronic, 1985.
Materias:
Etiquetas: Agregar Etiqueta
Sin Etiquetas, Sea el primero en etiquetar este registro!
LEADER 00574nam a22001695a 4500
001 EIQ.libpla003857
008 080401s1985####xx#a#####c####000#0#eng#d
005 20080403162128.0
245 1 0 |a Transistors for AF and switching applications /  |c Tekefunken electronic. 
260 |a [s.l.] :  |b Telefunken electronic,  |c 1985. 
300 |a 381 p. :  |b il. ;  |c 21 cm. 
500 |a "Data Book". 
650 4 |a Transistores  |x Catálogos. 
650 4 |a Transistors  |x Catalogs. 
040 |a AR-BbSID  |b spa  |c AR-BbSID 
110 2 |a Telefunken electronic. 
859 |a AR-BbSID  |b BIB. PLAPIQUI  |h 621.381 528  |i T 1  |p 2428